Documentos para la historia del monasterio de San Lorenzo el Real de El Escorial / (Record no. 57223)

MARC details
000 -LEADER
campo de control de longitud fija 00632nam a2200181 i 4500
001 - NÚMERO DE CONTROL
campo de control 57223
003 - IDENTIFICADOR DE NÚMERO DE CONTROL
campo de control ES-MaACL
005 - FECHA Y HORA DE LA ÚLTIMA TRANSACCIÓN
campo de control 20230906163533.0
007 - CAMPO FIJO DE DESCRIPCIÓN FÍSICA--INFORMACIÓN GENERAL
campo de control de longitud fija t|
008 - DATOS DE LONGITUD FIJA--INFORMACIÓN GENERAL
campo de control de longitud fija 031015m19621965sp ||||1| spa d
245 00 - MENCIÓN DEL TÍTULO
Título Documentos para la historia del monasterio de San Lorenzo el Real de El Escorial /
Mención de responsabilidad, etc. editados y prologados por Gregorio de Andrés.
260 ## - PUBLICACIÓN, DISTRIBUCIÓN, ETC.
Lugar de publicación, distribución, etc. El Escorial :
Nombre del editor, distribuidor, etc. [s.n.,
Fecha de publicación, distribución, etc. 1962-1965] (
Fabricante Imp. Monasterio)
300 ## - DESCRIPCIÓN FÍSICA
Extensión 4 v. ;
Dimensiones 25 cm.
500 ## - NOTA GENERAL
Nota general Son los vols. V, VI, VII, VIII.
610 24 - PUNTO DE ACCESO ADICIONAL DE MATERIA--NOMBRE DE ENTIDAD CORPORATIVA
Nombre de entidad corporativa o nombre de jurisdicción como elemento de entrada Monasterio de El Escorial-
Subdivisión de forma Historia.
9 (RLIN) 5730
700 1# - ENTRADA AGREGADA--NOMBRE PERSONAL
Nombre de persona Andrés, Gregorio de.
9 (RLIN) 21574
852 ## - LOCALIZACIÓN
Ubicación ES-MaACL
Número de control de estantería P-469-Ter
Holdings
Estatus retirado Estado de pérdida Estado de daño No para préstamo Biblioteca de origen Biblioteca actual Ubicación en estantería Fecha de adquisición Fuente de adquisición Total de préstamos Signatura topográfica completa Código de barras Visto por última vez Precio de reemplazo Tipo de ítem Koha
        Biblioteca del Ateneo de Madrid Biblioteca del Ateneo de Madrid Depósito 2 17/01/2008     P-469-Ter 1060081 23/02/2023 23/02/2023 Libro impreso